Ensayos poéticos / (Record no. 151946)

MARC details
000 -LEADER
campo de control de longitud fija 00546nam a2200157 i 4500
001 - NÚMERO DE CONTROL
campo de control 151946
003 - IDENTIFICADOR DE NÚMERO DE CONTROL
campo de control ES-MaACL
005 - FECHA Y HORA DE LA ÚLTIMA TRANSACCIÓN
campo de control 20230906204449.0
008 - DATOS DE LONGITUD FIJA--INFORMACIÓN GENERAL
campo de control de longitud fija 931025s1840 sp |||| | spa d
080 ## - NÚMERO DE LA CLASIFICACIÓN DECIMAL UNIVERSAL
Número de la Clasificación Decimal Universal 821.134.2-14"18"
100 1# - ENTRADA PRINCIPAL--NOMBRE DE PERSONA
Nombre de persona Bermúdez de Castro y Díez, Salvador.
9 (RLIN) 28142
245 10 - MENCIÓN DEL TÍTULO
Título Ensayos poéticos /
Mención de responsabilidad, etc. de Salvador Bermudez de Castro.
260 ## - PUBLICACIÓN, DISTRIBUCIÓN, ETC.
Lugar de publicación, distribución, etc. Madrid :
Nombre del editor, distribuidor, etc. Gabinete Literario,
Fecha de publicación, distribución, etc. 1840 (
Fabricante Estab. Tip. Calle del Sordo, n. 11)
300 ## - DESCRIPCIÓN FÍSICA
Extensión 381 p. ;
Dimensiones 21 cm.
852 ## - LOCALIZACIÓN
Ubicación ES-MaACL
Número de control de estantería G-1227
Nota libre -- Rust.
condición física -- Falto de las pag. 17 a 81
Holdings
Estatus retirado Estado de pérdida Estado de daño No para préstamo Colección Biblioteca de origen Biblioteca actual Ubicación en estantería Fecha de adquisición Fuente de adquisición Total de préstamos Signatura topográfica completa Código de barras Visto por última vez Precio de reemplazo Tipo de ítem Koha
        Libros del s. XIX Biblioteca del Ateneo de Madrid Biblioteca del Ateneo de Madrid Depósito 2 17/01/2008     G-1227 1158599 23/02/2023 23/02/2023 Libro impreso antiguo